205系500番台・1000番台(阪和線)の駅名対照表 - Statistics

General Stats
  • This quiz has been taken 29 times
  • The average score is 26 of 49
Answer Stats
Hint Answer % Correct
01 回送
86%
03 臨時
86%
41 和歌山
86%
04 団体
82%
06 快速
82%
08 普通
82%
19 天王寺
82%
23
82%
55 天王寺
82%
02 試運転
77%
30 熊取
77%
33 日根野
77%
36 和泉砂川
77%
27 東岸和田
68%
07 区間快速
64%
25 和泉府中
59%
53 奈良
59%
05 新快速
50%
16 快速天王寺
50%
18 区間快速天王寺
50%
28 快速熊取
50%
29 区間快速熊取
50%
34 快速和泉砂川
50%
35 区間快速和泉砂川
50%
38 快速和歌山
50%
40 区間快速和歌山
50%
42 紀伊
50%
54 快速天王寺
50%
61 王寺
50%
57 JR難波
50%
21 快速鳳
45%
22 区間快速鳳
45%
26 区間快速東岸和田
45%
31 快速日根野
45%
32 区間快速日根野
45%
20 杉本町
36%
24 区間快速和泉府中
36%
52 快速奈良
36%
56 快速JR難波
36%
15 新快速天王寺
32%
51 加茂
32%
59 新大阪
32%
17 B快速天王寺
32%
39 B快速和歌山
32%
37 新快速和歌山
27%
50 快速加茂
27%
58 快速新大阪
23%
60 柏原
23%
46 羽衣線
9%
No matching quizzes found
Score Distribution
Percent of People with Each Score
Percentile by Number Answered
Your Score History
You have not taken this quiz